00933nam a22002535i 450000100060000000300090000600500170001500800390003202000180007108000340008908000220012310000280014524500920017326000740026530000210033949000240036050400320038460000310041665100370044770000370048471000650052183000710058685200220065712189ES-MaACL20250731234407.0920727s1992 sp ||||0| spa a84-00-07242-1 a929 Gallarati Scotti, Tommaso a323(460)"1939/55"1 aLlera Esteban, Luis de.13aLa España de posguerra b: un testimonio / cLuis de Llera y José Andrés-Gallego. aMadrid : bConsejo Superior de Investigaciones Científicas, c1992. a183 p ; c21 cm.1 aMonografías ; v1 aBibliografía: p. 181-183.14aGallarati Scotti, Tommaso. 4aEspaña-xHistoria-y1939-1955.1 aAndrés-Gallego, José,d1944-2 aConsejo Superior de Investigaciones Científicas (España)10aMonografías (Centro de Estudios Benaventanos "Ledo del Pozo")v1 aES-MaACLjL-19400